00715cam a22002174a 4500001000500000005001700005020001800022040002300040050002200063082001100085100001900096245003100115250004600146260006400192300004700256505000800303520011000311521002100421521002000442650003500462285220240117150851.0 a9780545230735 aDLCcDLCdDLCbeng00aQL696.S473b 200700a598.471 aSimon, Seymour10aPenguins /cSeymour Simon. aFirst Scholastic printing , November 2009 aWashington, D.C.bSmithsonian ;aNew York :bCollins,c2007 a31 pages : bcolor illustrations ;c24 cm. aZ  aText and photographs explore the differences and similarities of different species of Antarctic penguins. a1030 bLexile  aZ bRaz-Plus  0aPenguinsvJuvenile literature.